La teoría hermenéutica de E. Schillebeeckx: la reinterpretación de la fe, contexto, presupuestos, principios y criterios
Salvato in:
| Autore principale: | |
|---|---|
| Natura: | Libro |
| Lingua: | spagnolo |
| Pubblicazione: |
Salamanca
Universidad Pontificia de Salamanca
1978
|
| Soggetti: | |
| Tags: |
Aggiungi Tag
Nessun Tag, puoi essere il primo ad aggiungerne!!
|
MARC
| LEADER | 00000nam a2200000 a 4500 | ||
|---|---|---|---|
| 001 | UCL6255 | ||
| 003 | CL-VaPUC | ||
| 008 | 040402e19780000SP |||||||||||||||||spa|d | ||
| 082 | 0 | 4 | |a 121.686 |b SAN |2 21 |
| 100 | 0 | |a Sánchez Chamoso, Román |e author |9 483958 | |
| 245 | 1 | 3 | |a La teoría hermenéutica de E. Schillebeeckx: la reinterpretación de la fe, contexto, presupuestos, principios y criterios |
| 300 | |a 81 p | ||
| 942 | |c BK | ||
| 945 | |d 20040402 00:00:00 |a vberengu | ||
| 260 | |a Salamanca |b Universidad Pontificia de Salamanca |c 1978 | ||
| 600 | 0 | 7 | |a SCHILLEBEECKX, EDWARD |2 CL-VaPUC |9 321226 |
| 650 | 0 | |a Hermenéutica |9 269473 | |
| 650 | 0 | |a Fe |9 308036 | |
| 583 | |a last modification |c 20040402 00:00:00 |k Rodrigo Vera | ||
| 999 | |c 308432 |d 308430 | ||
| 952 | |0 0 |1 2 |4 0 |6 121_686000000000000_SAN_1978 |7 0 |8 A |9 374952 |a BIBTEO |b BIBTEO |d 2019-11-21 |i 2108348 |o 121.686 SAN 1978 |p 2108348 |r 2019-11-21 |w 2019-11-21 |x Descarte 2019 |y BK |k ICR | ||